| 000 | 00727nam a2200205Ia 4500 | ||
|---|---|---|---|
| 003 | OSt | ||
| 005 | 20250108121739.0 | ||
| 008 | 210210b1999 xxu||||| |||| 00| 0 eng d | ||
| 040 | _cAL | ||
| 041 | _aKannada | ||
| 082 | _aK894.109 SHID | ||
| 100 |
_aSHIVARUDRAPPA (G S). _9133727 _d ಶಿವರುದ್ರಪ್ಪ (ಜಿಎಸ್) |
||
| 245 |
_aDesiyateyalli beruri aralida datta pratibhe. _bದೇಸೀಯತೆಯಲ್ಲಿ ಬೇರೂರಿ ಅರಳಿದ ಪ್ರತಿಭೆ |
||
| 260 |
_aDharavada _bPrasaranga Karnataka Vishvavidyalaya _c1999 |
||
| 300 | _avi,40 | ||
| 650 |
_aDa Ra Bendre Ambikatanayadatta _9133728 |
||
| 690 |
_aKannada Poetry Criticism _9133729 |
||
| 906 | _aSG04243 | ||
| 942 |
_2ddc _cBK |
||
| 999 |
_c114774 _d114774 |
||